The Holy Bible (Record no. 1210955)

MARC details
000 -LEADER
fixed length control field 00493nam a2200193Ia 4500
008 - FIXED-LENGTH DATA ELEMENTS--GENERAL INFORMATION
fixed length control field 151121s9999||||xx |||||||||||||| ||und||
082 ## - DEWEY DECIMAL CLASSIFICATION NUMBER
Classification number 220/SPE
082 ## - DEWEY DECIMAL CLASSIFICATION NUMBER
Item number HNW-1955
100 ## - MAIN ENTRY--PERSONAL NAME
Personal name H।M। Special Co।
245 #4 - TITLE STATEMENT
Title The Holy Bible
260 ## - PUBLICATION, DISTRIBUTION, ETC. (IMPRINT)
Name of publisher, distributor, etc "The British & Foreign Bible Soc।, London"
260 ## - PUBLICATION, DISTRIBUTION, ETC. (IMPRINT)
Date of publication, distribution, etc --
300 ## - PHYSICAL DESCRIPTION
Extent 1266
600 ## - SUBJECT ADDED ENTRY--PERSONAL NAME
Personal name H।M। Special Co।
630 ## - SUBJECT ADDED ENTRY--UNIFORM TITLE
Uniform title The Holy Bible
700 ## - ADDED ENTRY--PERSONAL NAME
Personal name H।M। Special Co।
730 ## - ADDED ENTRY--UNIFORM TITLE
Uniform title The Holy Bible
942 ## - ADDED ENTRY ELEMENTS (KOHA)
Koha item type Book
Holdings
Withdrawn status Lost status Damaged status Not for loan Home library Current library Date acquired Total Checkouts Full call number Barcode Date last seen Price effective from Koha item type
        Hirachand Nemchand Wachanalaya, Solapur Hirachand Nemchand Wachanalaya, Solapur 11/21/2015   HNW-1955 HNW-1955 11/21/2015 11/21/2015 Book